Score 0/20 Timer 04:00
11 Plays Today
% Correct
Greece
92.7%
Netherlands
90.4%
Austria
87.5%
Ireland
85.3%
Spain
81.9%
Ukraine
80.1%
Indonesia
79.4%
New Zealand
79.4%
Argentina
76.5%
Egypt
76.2%
% Correct
Poland
75.2%
Sweden
75.1%
Morocco
73.2%
Thailand
71.6%
Iraq
71%
Saudi Arabia
68.1%
Turkey
65.9%
Colombia
60.5%
Kenya
58.6%
Myanmar
56%
Remove Ads.
Support Sporcle.
Get the best of Sporcle when you Go Orange. This ad-free experience offers more features, more stats, and more fun while also helping to support Sporcle. Thank you for becoming a member.

You're not logged in!

Compare scores with friends on all Sporcle quizzes.
OR
Log In

Show Comments

Extras

Top Quizzes Today


Score Distribution

Your Account Isn't Verified!

In order to create a playlist on Sporcle, you need to verify the email address you used during registration. Go to your Sporcle Settings to finish the process.

Report this User

Report this user for behavior that violates our Community Guidelines.

Details: